The limits of stabilization: infrastructure, public deficits, and growth in Latin America (Record no. 289936)

000 -LEADER
fixed length control field 00630cam a22001697a 4500
008 - FIXED-LENGTH DATA ELEMENTS--GENERAL INFORMATION
fixed length control field 180718b2003 xxu||||| |||| 00| 0 eng d
020 ## - INTERNATIONAL STANDARD BOOK NUMBER
International Standard Book Number 0821354892
082 ## - DEWEY DECIMAL CLASSIFICATION NUMBER
Classification number T421x8 Ea77
245 ## - TITLE STATEMENT
Title The limits of stabilization: infrastructure, public deficits, and growth in Latin America
Statement of responsibility, etc. edited by William Easterly and Luis Serven
260 ## - PUBLICATION, DISTRIBUTION, ETC.
Place of publication, distribution, etc. Washington, D.C.
Name of publisher, distributor, etc. World Bank
Date of publication, distribution, etc. 2003
300 ## - PHYSICAL DESCRIPTION
Extent 209p.
650 ## - SUBJECT ADDED ENTRY--TOPICAL TERM
Topical term or geographic name entry element Public-private sector cooperation - Latin America
650 ## - SUBJECT ADDED ENTRY--TOPICAL TERM
Topical term or geographic name entry element Economic stabilization - Latin America
650 ## - SUBJECT ADDED ENTRY--TOPICAL TERM
Topical term or geographic name entry element Infrastructure (Economics) - Latin America
700 ## - ADDED ENTRY--PERSONAL NAME
Personal name Serven, Luis
700 ## - ADDED ENTRY--PERSONAL NAME
Personal name Easterly, William
Holdings
Withdrawn status Lost status Damaged status Not for loan Permanent Location Current Location Date acquired Full call number Barcode Date last seen Price effective from Koha item type
        Indian Institute of Public Administration Indian Institute of Public Administration 2003-12-22 T421x8 Ea77 WB9843 2018-07-20 2018-07-20 WB

Powered by Koha